Statystyki dla Jedenastki finału Ligi Mistrzów w 2015

Kliknij tutaj aby rozwiązać quiz!

Ogólne statystyki

  • Ten quiz został rozwiązany 595 razy
  • Średni wynik to 16 z 22

Statystyki odpowiedzi

DrużynaPozycjaOdpowiedź% Poprawnych
Juventus TurynBramkarzGianluigi Buffon
98%
NapastnikLionel Messi
97%
NapastnikLuis Suarez
95%
NapastnikNeymar
94%
ObrońcaGerard Pique
93%
FC BarcelonaBramkarzMarc Andre ter Stegen
93%
PomocnikAndres Iniesta
90%
ObrońcaLeonardo Bonucci
89%
ObrońcaJordi Alba
87%
PomocnikSergio Busquets
82%
ObrońcaDani Alves
80%
PomocnikIvan Rakitić
80%
PomocnikAndrea Pirlo
70%
PomocnikPaul Pogba
63%
NapastnikAlvaro Morata
62%
ObrońcaAndrea Barzagli
61%
ObrońcaJavier Mascherano
54%
NapastnikCarlos Tevez
51%
PomocnikClaudio Marchisio
48%
PomocnikArturo Vidal
43%
ObrońcaPatrice Evra
36%
ObrońcaStephan Lichtsteiner
19%

Rozkład punktacji

Percentyl według liczby udzielonych odpowiedzi

Procent ludzi z każdym wynikiem

Twoja historia wyników

Nie rozwiązałeś tego quizu